El contrato de garaje

Bibliographic Details
Main Author: Herrada Romero, Rafael-Ignacio
Format: Unknown
Language:Spanish
Published: Madrid : EDERSA, D.L. 2001
Subjects:
Online Access:Acceso restringido

MARC

LEADER 00000ny a22000003n 4500
005 20110616133015.0
008 011119s2001 sp s 001 0 spa c
017 |a D.L.M.21627-2001 
020 |a 8484940063 
035 |a 1304 
040 |a SpMaUCDE  |d vLex 
040 |a UMA.RE  |d vLex 
080 |a 625.748.28:347.44(460) 
090 |c 776  |d 776 
100 1 |a Herrada Romero, Rafael-Ignacio 
245 1 3 |a El contrato de garaje  |h [Recurso electrn̤ico]  |c Rafael-Ignacio Herrada Romero 
256 |a Servicio en ln̕ea 
260 |a Madrid :  |b EDERSA,  |c D.L. 2001 
300 |a 233 p. ;  |c 22 cm 
504 |a Bibliogr.: p. 207-215 
506 1 |a Contenido solo disponible en los productos indicados  |d vLex Global  |d vLex Global (Academic Edition, excluding Law Schools)  |d vLex Global (U.S. Academic Edition, Law Schools)  |d vLex Global (U.S. Academic Edition, excluding Law Schools)  |d vLex Global (Academic Edition, Law Schools) 
650 0 7 |a Civil  |2 Tesauro vLex 
650 0 7 |a Contrato de garaje  |2 Tesauro vLex 
740 0 |a vLex Libros (Servicios en ln̕ea) 
856 4 0 |u http://vlex.com/source/1304  |z Acceso restringido 
942 |c BOOK 
999 0 |a Civil Law   |b Madrid